000 01762cam a2200397 i 4500
999 _c332234
_d332234
001 18680189
003 NUST
005 20171121094325.0
008 150630s2015 pk b 000 0 eng
010 _a 2015326661
037 _bLibrary of Congress -- Islamabad Overseas Office
_cRs 695.00
040 _aDLC
_beng
_cRCMS
_erda
_dDLC
042 _alcode
050 0 0 _a891.439 MAL
_bZ585855 2015
082 _a891.439 MAL
100 _aDr. Nadeem Shafiq Malik.
_91666
245 0 0 _aAllama Iqbal :
_bas reported in the Police Abstract of Intelligence, Punjab 1904-1935 /
_ccompiled & edited by Dr. Nadeem Shafiq Malik.
260 _aLahore
_bFiction House
_c2015
300 _a208 p ;
_c24 cm.
440 _aAllama Iqbal :
_91667
500 _aIncludes index.
501 _aH.B
504 _aIncludes bibliographical references.
538 _iShelf # 13, Row # 5, Fiction.
600 1 0 _aIqbal, Muhammad,
_cSir,
_d1877-1938
_vSources.
_91668
650 0 _aPolice
_zPakistan
_zPunjab
_xHistory
_y20th century
_vSources.
_91669
700 1 _aNadeem Shafiq Malik,
_ecompiler
_eeditor.
_91000
730 0 _aPolice abstract of intelligence, Punjab.
_91670
856 4 1 _3Table of contents only
_uhttps://www.loc.gov/catdir/toc/fy16pdf03/2015326661.html
906 _a7
_bcbc
_corigode
_d3
_encip
_f20
_gy-gencatlg
942 _2ddc
_cBK
_h891.439 MAL
_kIESE